English French Questions - Statistics

General Stats
  • This quiz has been taken 8 times
  • The average score is 1 of 16
Answer Stats
English Questions French % Correct
At what time? à quelle heure ?
100%
How much is it? c’est combien ?
43%
How is that written? ça s’écrit comment ?
0%
What day is it? c’est quel jour ?
0%
What is the date? c’est quelle date ?
0%
What colour? de quelle couleur ?
0%
From where? d’où ?
0%
Which is it? Lequel est-ce
0%
For how long? pour combien de temps ?
0%
Why is it? Pourquoi est-ce?
0%
When is it? Quand est-ce?
0%
How old are you? (formal) quel âge avez-vous?
0%
What time is it? quelle heure est-il ?
0%
What is it? qu'est-ce que c'est?
0%
What does...mean? que veut dire... ?
0%
Who did that? Qui a fait ça
0%
No matching quizzes found
Score Distribution
Percent of People with Each Score
Percentile by Number Answered
Your Score History
You have not taken this quiz